|
|
|
|
| LEADER |
02635nam a22004575i 4500 |
| 001 |
978-981-10-2813-7 |
| 003 |
DE-He213 |
| 005 |
20161115131521.0 |
| 007 |
cr nn 008mamaa |
| 008 |
161115s2017 si | s |||| 0|eng d |
| 020 |
|
|
|a 9789811028137
|9 978-981-10-2813-7
|
| 024 |
7 |
|
|a 10.1007/978-981-10-2813-7
|2 doi
|
| 040 |
|
|
|d GrThAP
|
| 050 |
|
4 |
|a QD410-412.5
|
| 072 |
|
7 |
|a PNND
|2 bicssc
|
| 072 |
|
7 |
|a SCI013040
|2 bisacsh
|
| 082 |
0 |
4 |
|a 547.05
|2 23
|
| 245 |
1 |
0 |
|a Nitrogenation Strategy for the Synthesis of N-containing Compounds
|h [electronic resource] /
|c edited by Ning Jiao.
|
| 264 |
|
1 |
|a Singapore :
|b Springer Singapore :
|b Imprint: Springer,
|c 2017.
|
| 300 |
|
|
|a VII, 218 p. 214 illus., 54 illus. in color.
|b online resource.
|
| 336 |
|
|
|a text
|b txt
|2 rdacontent
|
| 337 |
|
|
|a computer
|b c
|2 rdamedia
|
| 338 |
|
|
|a online resource
|b cr
|2 rdacarrier
|
| 347 |
|
|
|a text file
|b PDF
|2 rda
|
| 505 |
0 |
|
|a Introduction -- Nitrogenation Strategy in Inorganic Chemistry -- Nitrogenation Strategy for the Synthesis Amines -- Nitrogenation Strategy for the Synthesis Amides -- Nitrogenation Strategy for the Synthesis Nitriles -- Nitrogenation Strategy for the Synthesis Carbamides -- Nitrogenation Strategy for the Synthesis Organic Azides -- Nitrogenation Strategy for the Synthesis N-heterocyclic Compounds.
|
| 520 |
|
|
|a This book focuses on direct nitrogenation strategies to incorporate one or more N-atoms into simple substrates especially hydrocarbons via C–H and/or C–C bond cleavage, which is a green and sustainable way to synthesize nitrogen-containing compounds. The book consists of seven chapters demonstrating interesting advances in the preparation of amines, amides, nitriles, carbamides, azides, and N-heterocyclic compounds and illustrating the mechanisms of these novel transformations. It offers an accessible introduction to nitrogenation reactions for chemists involved in N-compound synthesis and those interested in discovering new reagents and reactions. Ning Jiao is a Professor of Chemistry at Peking University, China.
|
| 650 |
|
0 |
|a Chemistry.
|
| 650 |
|
0 |
|a Organometallic chemistry.
|
| 650 |
|
0 |
|a Medicinal chemistry.
|
| 650 |
|
0 |
|a Catalysis.
|
| 650 |
1 |
4 |
|a Chemistry.
|
| 650 |
2 |
4 |
|a Organometallic Chemistry.
|
| 650 |
2 |
4 |
|a Catalysis.
|
| 650 |
2 |
4 |
|a Medicinal Chemistry.
|
| 700 |
1 |
|
|a Jiao, Ning.
|e editor.
|
| 710 |
2 |
|
|a SpringerLink (Online service)
|
| 773 |
0 |
|
|t Springer eBooks
|
| 776 |
0 |
8 |
|i Printed edition:
|z 9789811028113
|
| 856 |
4 |
0 |
|u http://dx.doi.org/10.1007/978-981-10-2813-7
|z Full Text via HEAL-Link
|
| 912 |
|
|
|a ZDB-2-CMS
|
| 950 |
|
|
|a Chemistry and Materials Science (Springer-11644)
|